000 00300nam a22001337a 4500
008 170727b xxu||||| |||| 00| 0 eng d
020 _a0921598394
041 _aeng
080 _a004
100 _a31
101 _aSHK
245 _aINTRODUCTION TO PROGRAMMING IN JAVA
_cHUME,J,N
942 _2udc
_cBK
999 _c22040
_d22040